| 000 | 00751nam a22002177a 4500 | ||
|---|---|---|---|
| 999 |
_c10206 _d10206 |
||
| 003 | AR-CdUCM | ||
| 008 | 190329b ||||| |||| 00| 0 spa d | ||
| 040 |
_aMUNICIPALIDAD PROVINCIAL DEL CUSCO _cBIBLIOTECA MUNICIPAL DEL CUSCO |
||
| 082 |
_a330.1 / _bF83 / 1934 |
||
| 100 |
_aFried, Ferdinand _926918 |
||
| 245 | _aEl fin del capitalismo / | ||
| 260 |
_aSantiago : _bErcilla, _c1934. |
||
| 300 |
_a216 páginas ; _c22 cm. |
||
| 505 | _aContenido : Al lector -- La misión histórica -- El resultado espiritual -- El resultado social --- El derrumbe ... | ||
| 650 |
_aEl capitalismo _97569 |
||
| 650 |
_aLa caída del capitalismo _926919 |
||
| 650 |
_aHistoria _9136 |
||
| 700 |
_aGonzalo, Sn Martin _926920 |
||
| 942 |
_2ddc _cLIBROS |
||
| 945 | _arah | ||